Ładuje się......

Vathil /

Opis bibliograficzny
1. autor: Rajeevan, T. P.
Format: Printed Book
Język:Malayalam
Wydane: Kozhikode : Shiyaprasadhan , 1990.
Hasła przedmiotowe:
LEADER 00391nam a2200133Ia 4500
008 150624b xxu||||| |||| 00| p mal d
999 |c 82741  |d 82741 
100 |a Rajeevan, T. P. 
245 |c T. P. Rajeevan  |a Vathil / 
260 |a Kozhikode :  |b Shiyaprasadhan ,  |c 1990. 
546 |a In Malayalam. 
650 |v Poetry 
942 |c BK 
952 |0 1  |1 0  |4 0  |7 0  |9 82685  |a UL  |b UL  |c ST1  |d 1998-09-15  |l 0  |p 65555  |r 2012-10-27  |y BK